000 00426nam a2200157 i 4500
001 79238
003 ES-MaACL
005 20230906173932.0
007 t|
008 041020s1901 it ||||1| ita d
100 1 _aHenle, J.
_962543
245 1 3 _aLa vita e la coscienza
_b: seggi di Biologia /
_cJ. Henle.
260 _aTorino :
_bBocca,
_c1901 (
_fPietro Gerbono)
300 _a254 p. ;
_c21 cm.
852 _aES-MaACL
_jF-5006
999 _c79238
_d79238